Our victory through Christ, bk. 6 / (Record no. 110604)
[ view plain ]
| 000 -LEADER | |
|---|---|
| fixed length control field | 00605nam a2200181 a 4500 |
| 001 - CONTROL NUMBER | |
| control field | 1741 |
| 005 - DATE AND TIME OF LATEST TRANSACTION | |
| control field | 20140414131900.0 |
| 008 - FIXED-LENGTH DATA ELEMENTS--GENERAL INFORMATION | |
| fixed length control field | 001120s19uu xx 00 eng d |
| 050 ## - LIBRARY OF CONGRESS CALL NUMBER | |
| Classification number | FIL 231 |
| Item number | Ou7 Bk.6 |
| 100 ## - MAIN ENTRY--PERSONAL NAME | |
| Personal name | Daugthers of St. Paul |
| 245 ## - TITLE STATEMENT | |
| Title | Our victory through Christ, bk. 6 / |
| Statement of responsibility, etc | prepared by the Daughters of St. Paul under direction of Very Rev. James Alberione. |
| 260 ## - PUBLICATION, DISTRIBUTION, ETC. (IMPRINT) | |
| Place of publication, distribution, etc | Pasay City : |
| Name of publisher, distributor, etc | Daughters of St. Paul, |
| Date of publication, distribution, etc | [n.d.] |
| 300 ## - PHYSICAL DESCRIPTION | |
| Extent | 95 p. : ill. ; cm. |
| 440 ## - SERIES STATEMENT/ADDED ENTRY--TITLE | |
| Title | The St. Paul way, truth and life series |
| 650 ## - SUBJECT ADDED ENTRY--TOPICAL TERM | |
| Topical term or geographic name as entry element | Christian Education. |
| 650 ## - SUBJECT ADDED ENTRY--TOPICAL TERM | |
| Topical term or geographic name as entry element | Cathechism. |
| Withdrawn status | Lost status | Damaged status | Use restrictions | Home library | Current library | Shelving location | Date acquired | Source of acquisition | Total Checkouts | Full call number | Barcode | Date last seen | Price effective from | Koha item type |
|---|---|---|---|---|---|---|---|---|---|---|---|---|---|---|
| Munich Library | Munich Library | Filipiniana Section | 12/23/2004 | FIL 231 Ou7 Bk.6 | M1055 | 04/14/2014 | 04/14/2014 | Books |